| 000 | 00456 a2200157 4500 | ||
|---|---|---|---|
| 020 | _a0590260308 (pbk.) | ||
| 020 | _a9780590260305 (pbk.) | ||
| 041 | _aspa | ||
| 100 | 1 | 0 | _aAvalos, Cecilia |
| 245 | 1 | _aEl rancho despierta / por Cecilia Avalos ; ilustrado por Eric Velasquez. | |
| 260 | _aNew York : Scholastic, c1992. | ||
| 300 |
_a8 pages : color illustrations ; _c23 cm. |
||
| 440 | _aColeccion iguana. | ||
| 700 | 1 | 0 | _aVelasquez, Eric |
| 942 | _cBK | ||
| 999 |
_c21278 _d21278 |
||